MARC details
| 000 -CABECERA |
| campo de control de longitud fija |
01649nam a22003257a 4500 |
| 001 - NÚMERO DE CONTROL |
| campo de control |
BRCA_9202 |
| 003 - IDENTIFICADOR DEL NÚMERO DE CONTROL |
| campo de control |
FranzMayer |
| 005 - FECHA Y HORA DE LA ÚLTIMA TRANSACCIÓN |
| campo de control |
20220809125645.0 |
| 008 - DATOS DE LONGITUD FIJA--INFORMACIÓN GENERAL |
| campo de control de longitud fija |
220713b |||||||| |||| 00| 0 eng d |
| 020 ## - NÚMERO INTERNACIONAL ESTÁNDAR DEL LIBRO |
| Número Internacional Estándar del Libro |
9786079851415 |
| 040 ## - FUENTE DE LA CATALOGACIÓN |
| Lengua de catalogación |
spa |
| Centro/agencia transcriptor |
MFM |
| 041 ## - CÓDIGO DE LENGUA |
| Código de lengua del texto/banda sonora o título independiente |
spa |
| -- |
eng |
| 050 ## - SIGNATURA TOPOGRÁFICA DE LA BIBLIOTECA DEL CONGRESO |
| Número de clasificación |
NK3720.M4 |
| Número de documento/Ítem |
F45 2020 |
| 245 10 - MENCIÓN DE TÍTULO |
| Título |
Felix Tissot / |
| Mención de responsabilidad, etc. |
curaduría, Ana Elena Mallet. |
| 264 #1 - PRODUCCIÓN, PUBLICACIÓN, DISTRIBUCIÓN, FABRICACIÓN Y COPYRIGHT |
| Producción, publicación, distribución, fabricación y copyright |
Ciudad de México : |
| Nombre del de productor, editor, distribuidor, fabricante |
Fauna, |
| Fecha de producción, publicación, distribución, fabricación o copyright |
2020. |
| 300 ## - DESCRIPCIÓN FÍSICA |
| Extensión |
190 p. : |
| Otras características físicas |
il., fot. ; |
| Dimensiones |
18 x 24 cm. |
| 336 ## - TIPO DE CONTENIDO |
| Término de tipo de contenido |
text |
| Código de tipo de contenido |
txt |
| Fuente |
rdacontent |
| 337 ## - TIPO DE MEDIO |
| Nombre/término del tipo de medio |
unmediated |
| Código del tipo de medio |
n |
| Fuente |
rdamedia |
| 338 ## - TIPO DE SOPORTE |
| Nombre/término del tipo de soporte |
volume |
| Código del tipo de soporte |
nc |
| Fuente |
rdacarrier |
| 500 ## - NOTA GENERAL |
| Nota general |
Ubicación: L60-N1 |
| 500 ## - NOTA GENERAL |
| Nota general |
Este libro se publicó con motivo de la exposición "Feliz Tissot: lo eterno y lo moderno", llevada a cabo en el Museo Franz Mayer, Ciudad de México (12 de noviembre de 2019 - 16 de febrero de 2020). |
| 500 ## - NOTA GENERAL |
| Nota general |
Incluye un apartado escrito por la antropóloga Gobi Stromberg. |
| 504 ## - NOTA DE BIBLIOGRAFÍA, ETC. |
| Nota de bibliografía, etc. |
Bibliografía: pp. 188-189 |
| 520 ## - SUMARIO, ETC. |
| Sumario, etc. |
Ana Elena Mallet moldea la trayectoria creativa de Tissot y transmite las cualidades que lo hicieron un pionero del diseño, no sólo por los objetos que creaba, sino por la visión para proponer un modo de producción inclusivo y colaborativo, aunada a la sensibilidad para unir lo mejor de varios mundos en una empresa que hoy en día se llamaría "sustentable". - Proporcionado por el editor. |
| 600 10 - PUNTO DE ACCESO ADICIONAL DE MATERIA--NOMBRE DE PERSONA |
| Nombre de persona |
Tissot, Félix, |
| Fechas asociadas al nombre |
1909 - 1989 |
| Subdivisión de forma |
Exposiciones |
| 9 (RLIN) |
28448 |
| 650 #0 - PUNTO DE ACCESO ADICIONAL DE MATERIA--TÉRMINO DE MATERIA |
| Término de materia o nombre geográfico como elemento de entrada |
Cerámica |
| Subdivisión cronológica |
Siglo XX |
| Subdivisión de forma |
Exposiciones |
| 9 (RLIN) |
28449 |
| Subdivisión geográfica |
México |
| 650 #0 - PUNTO DE ACCESO ADICIONAL DE MATERIA--TÉRMINO DE MATERIA |
| Término de materia o nombre geográfico como elemento de entrada |
Cerámica |
| Subdivisión geográfica |
Mexico |
| -- |
Taxco de Alarcón |
| Subdivisión cronológica |
Siglo XX |
| Subdivisión de forma |
Exposiciones |
| 9 (RLIN) |
28450 |
| 942 ## - ELEMENTOS DE PUNTO DE ACCESO ADICIONAL (KOHA) |
| Tipo de ítem Koha |
Libros |
| Fuente del sistema de clasificación o colocación |
Library of Congress Classification |